Keyboard shortcuts - Statistics

General Stats
  • This quiz has been taken 37 times
  • The average score is 7 of 8
Answer Stats
Explanation Chromebook/Laptop Ctrl + letter % Correct
Copy the text Both Ctrl C
100%
Pastes what you just copied Both Ctrl V
100%
Copies everything on the screen Both Ctrl A
91%
Deletes what is highlighted Both Ctrl X
82%
Opens a new tab Both Ctrl T
79%
Opens a new window Both Ctrl N
73%
Bookmark Both Ctrl D
67%
Closes the tab Both Ctrl W
67%
No matching quizzes found
Score Distribution
Percent of People with Each Score
Percentile by Number Answered
Your Score History
You have not taken this quiz